Catálogo
 En Linea

Ciencias sociales 4 : (Registro nro. 47245)

Detalles MARC
000 -CABECERA
campo de control de longitud fija 01022nam a2200217 a 4500
001 - NÚMERO DE CONTROL
campo de control 000047757
005 - FECHA Y HORA DE LA ÚLTIMA TRANSACCIÓN
campo de control 20201002060722.0
008 - DATOS DE LONGITUD FIJA--INFORMACIÓN GENERAL
campo de control de longitud fija 180417s2017 dr abc 000 0 spa d
020 ## - NÚMERO INTERNACIONAL ESTÁNDAR DEL LIBRO
Número Internacional Estándar del Libro 9789945125023
040 ## - FUENTE DE LA CATALOGACIÓN
Centro catalogador/agencia de origen DO-SdBNP
Lengua de catalogación spa
Centro/agencia transcriptor BNPHU
082 ## - NÚMERO DE LA CLASIFICACIÓN DECIMAL DEWEY
Número de clasificación xxxx
Número de documento/Ítem xxxx
100 1# - ENTRADA PRINCIPAL--NOMBRE DE PERSONA
Nombre de persona Muñoz, Yocasta Milagros
9 (RLIN) 75359
245 10 - MENCIÓN DE TÍTULO
Título Ciencias sociales 4 :
Resto del título secundaria /
Mención de responsabilidad, etc. Yocasta Milagros Muñoz ; dirección Milagros del Pilar Rubio Muñoz.
260 ## - PUBLICACIÓN, DISTRIBUCIÓN, ETC.
Lugar de publicación, distribución, etc. Santo Domingo :
Nombre del editor, distribuidor, etc. Susaeta,
Fecha de publicación, distribución, etc. 2017.
300 ## - DESCRIPCIÓN FÍSICA
Extensión 272 p. :
Otras características físicas il., retrs. ;
Dimensiones 29 cm.
500 ## - NOTA GENERAL
Nota general Enfoque por competencias nuevo currículo
504 ## - NOTA DE BIBLIOGRAFÍA, ETC.
Nota de bibliografía, etc. Bibliografía : p. 272
505 0# - NOTA DE CONTENIDO CON FORMATO
Nota de contenido con formato Geografía física del planeta --
Título El paisajes como construcción social del espacio --
-- El surgimiento del humano y la organizacion de las sociedades --
-- La Edad Media hasta la Edad Moderna --
-- Los siglos XIX y XX; los grandes conflictos de la humanidad --
-- Educación ciudadana.
590 ## - NOTA LOCAL (RLIN)
Nota local Inventariado, 2018/LP
700 1# - PUNTO DE ACCESO ADICIONAL--NOMBRE DE PERSONA
Nombre de persona Rubio Muñoz, Milagros del Pilar,
Término indicativo de función/relación dirección
9 (RLIN) 74969
Existencias
Estado de retiro Estado de pérdida Restricciones de uso No para préstamo Código de colección Localización permanente Ubicación/localización actual Ubicación en estantería Fecha de adquisición Número de inventario Total de préstamos Signatura topográfica completa Código de barras Fecha visto por última vez Número de copia Precio válido a partir de Tipo de ítem Koha
        Dominicana de Servicio General General Depósito 07.08.2018 LF1   xxxx xxxx 47757-30 25.06.2020 e. 3 25.06.2020 Libro y Folleto Colección Dominicana de Servicio
      Excluido de préstamo Patrimonio Dominicano Patrimonio Dominicano Patrimonio Dominicano Depósito 07.08.2018 LF1   xxxx xxxx 47757-10 25.06.2020   25.06.2020 Libro y Folleto Colección Patrimonio Dominicano
      Excluido de préstamo Patrimonio Dominicano Patrimonio Dominicano Patrimonio Dominicano Depósito 07.08.2018 LF1   xxxx xxxx 47757-20 25.06.2020 e. 2 25.06.2020 Libro y Folleto Colección Patrimonio Dominicano

Con tecnología Koha